Central Library OPAC University of Rajshahi

Fundamentals of business ststistics / (Record no. 54800)

MARC details
000 -LEADER
fixed length control field 00665nam a2200241 a 4500
001 - CONTROL NUMBER
control field 54800
003 - CONTROL NUMBER IDENTIFIER
rucl marc code BD-RjUL
005 - DATE AND TIME OF LATEST TRANSACTION
control field 20211209080154.0
008 - FIXED-LENGTH DATA ELEMENTS--GENERAL INFORMATION
fixed length control field 161110s1978 nyu||||| |||| 00| 0 eng d
020 ## - INTERNATIONAL STANDARD BOOK NUMBER
International Standard Book Number 0121280300
035 ## - SYSTEM CONTROL NUMBER
System control number (BD-RjUL)54922
040 ## - CATALOGING SOURCE
Original cataloging agency BD-RjUL
Language of cataloging eng
Transcribing agency BD-RjUL
041 ## - LANGUAGE CODE
Language code of text/sound track or separate title eng
082 ## - DEWEY DECIMAL CLASSIFICATION NUMBER
Edition number 23
Classification number 519.5
Author mark and year BRF 1978
100 ## - MAIN ENTRY--PERSONAL NAME
Personal name Braverman, Jerome D.
9 (RLIN) 163355
245 ## - TITLE STATEMENT
Title Fundamentals of business ststistics /
Statement of responsibility, etc. Jerome D.Braverman.
250 ## - EDITION STATEMENT
Edition statement International ed.
260 ## - PUBLICATION, DISTRIBUTION, ETC. (IMPRINT)
Place of publication, distribution, etc. New Youk :
Name of publisher, distributor, etc. Academic Press,
Date of publication, distribution, etc. c1978
300 ## - PHYSICAL DESCRIPTION
Pagination 597 p. :
Illustrations ill, ;
Size 24 cm.
500 ## - GENERAL NOTE
General note include Indexs
650 ## - SUBJECT ADDED ENTRY--TOPICAL TERM
Topical term or geographic name as entry element Ststistics.
9 (RLIN) 163356
942 ## - ADDED ENTRY ELEMENTS (KOHA)
Source of classification or shelving scheme Dewey Decimal Classification
Koha item type Books
Holdings
Lost status Source of classification or shelving scheme Damaged status Not for loan Collection code Permanent Location Current Location Shelving location Date acquired Source of acquisition Cost, normal purchase price Total Checkouts Full call number Date last seen Copy number Koha item type
  Dewey Decimal Classification     Non-fiction Central Library, University of Rajshahi Central Library, University of Rajshahi   27/07/2005 Toppan Tulip 12.25   519 BRF 1978 10/11/2016 C-2 Books